සමූපකාර සේවක කොමිෂම (බස්නාහිර පළාත) - CD.

Saved in:
Bibliographic Details
Format: Book
Language:English
Published: බත්තරමුල්ල : සමූපකාර සේවක කොමිෂන් සභාව, [2017?].
Tags: Add Tag
No Tags, Be the first to tag this record!

MARC

LEADER 00000nam a22000007a 4500
003 LK-CoNLD
005 20170713134050.0
008 170713b xxu||||| |||| 00| 0 eng d
015 |2 slnb 
942 |c CD/DVD 
017 |b LK-CoDNA 
040 |a LK-CoNLD  |b SIN  |c LK-CoNLD  |d LK-CoNLD 
082 |2 23  |q LK-CoNLD 
245 |a සමූපකාර සේවක කොමිෂම (බස්නාහිර පළාත) - CD. 
260 |9 31284  |a බත්තරමුල්ල :  |b සමූපකාර සේවක කොමිෂන් සභාව,  |c [2017?]. 
505 |a 1994 වර්ෂයේ අංක 1 දරන සමූපකාර ප්‍ර‍ඥප්තිය, කොමිෂන් සභාව විසින් නිකුත් තළ චක්‍රලේඛ, 1972 අංක 12 දරන සමූපකාර සේවක කොමිෂන් සභා පනත යටතේ සම්පාදිත රෙගුලාසි, අංක 849 - 7 දරණ 1994 දෙසැම්බර් 13 දිනැති ගැසට් පත්‍ර‍ය, සමූපකාර සේවක කාර්ය විධිවිධාන සංග්‍ර‍හය, සමූපකාර සේවකයින් බඳවා ගැනීමේ පටිපාටිය, 
999 |c 30804  |d 30804